000 00349nam a2200145Ia 4500
008 230917s9999||||xx |||||||||||||| ||und||
040 _e62807
_aMAIN
041 _aEnglish
082 _a370.15 T171E
100 _aTara Chand
245 0 _aEducational Psychology
260 _aNew Delhi
_bAnmol Publications
_c1993
300 _a283 p.
942 _cBK
999 _c95811
_d95811